¿De la política pública a la nueva gerencia pública?: una dimensión de la reforma del Estado en Costa Rica /
El presente es un estudio de las implicaciones de la nueva gerencia pública (NGP), en la política pública en general y particularmente la política social, abordándola en el marco de la reforma del estado costarricense.
Збережено в:
| Автор: | |
|---|---|
| Формат: | Текст |
| Предмети: | |
| Теги: |
Додати тег
Немає тегів, Будьте першим, хто поставить тег для цього запису!
|
MARC
| LEADER | 00000 a a2200000 04500 | ||
|---|---|---|---|
| 001 | 41201 | ||
| 003 | |||
| 040 | |||
| 100 | |a Huaylupo Alcázar, Juan A. | ||
| 245 | |a ¿De la política pública a la nueva gerencia pública?: |b una dimensión de la reforma del Estado en Costa Rica / |c Juan A. Huaylupo Alcázar | ||
| 520 | |a El presente es un estudio de las implicaciones de la nueva gerencia pública (NGP), en la política pública en general y particularmente la política social, abordándola en el marco de la reforma del estado costarricense. | ||
| 590 | |a SJB/NOVIEMBRE2012 | ||
| 650 | |a 1.REFORMA DEL ESTADO | ||
| 650 | |a 2.POLITICAS PÚBLICAS | ||
| 650 | |a 3.POLITICA SOCIAL | ||
| 650 | |a 4.GESTION PUBLICA | ||
| 650 | |a 5.ADMINISTRACION PÚBLICA | ||
| 650 | |a 6.COSTA RICA | ||
| 773 | |g número48 ( , 2005), páginas 89-116 | ||
| 999 | |c 29164 |d 29164 | ||
